Cecil Βασική παθολογία

Αποθηκεύτηκε σε:
Λεπτομέρειες βιβλιογραφικής εγγραφής
Άλλοι συγγραφείς: Andreoli, Thomas E. 1935- (Επιμελητής έκδοσης), Μουτσόπουλος, Χ. (Επιμελητής έκδοσης)
Μορφή: Βιβλίο
Γλώσσα:Greek
Δημοσίευση: Αθήνα : Λίτσας, 2010 ανατύπωση
Θέματα:
Ετικέτες: Προσθήκη ετικέτας
Δεν υπάρχουν, Καταχωρήστε ετικέτα πρώτοι!

MARC

LEADER 00000nam a2200000 i 4500
001 1/25681
008 130208s2010 gre d
020 |a 960-372-037-2 (v. 1) 
020 |a 960-372-038-0 (v. 2) 
035 |l 10113688 
040 |a GR-MY-UA  |b gre  |e aacr 
041 0 |a gre 
082 0 |a 616  |2 (22) 
245 1 0 |a Cecil Βασική παθολογία /  |c editor in chief Thomas E. Andreoli ; Πρόλογος, επιμέλεια Χ. Μουτσόπουλος 
260 |a Αθήνα :   |b Λίτσας,   |c 2010 ανατύπωση 
300 |a 2 τ.;  |b εικ.;  |c 28 εκ. 
500 |a Μετάφραση του Cecil Essential of medicine 5th ed. 
504 |a Περιλαμβάνει βιβλιογραφίες και ευρετήριο 
650 0 0 |a Internal medicine. 
700 1 |a Andreoli, Thomas E.  |d 1935-  |4 edt 
700 1 |a Μουτσόπουλος, Χ.  |4 edt 
852 |a INST  |b LEMNOS  |e 20130208  |h 616 CEC  |p 005600000700  |q 005600000700  |t BK  |y 0  |z τ.1 
852 |a INST  |b LEMNOS  |e 20130208  |h 616 CEC  |p 005600000701  |q 005600000701  |t BK  |y 0  |z τ.2 
852 |a INST  |b LEMNOS  |e 20130208  |h 616 CEC  |p 005600000700  |q 005600000700  |t BK  |v τ.1:  |y 0  |z τ.1 
852 |a INST  |b LEMNOS  |e 20130208  |h 616 CEC  |p 005600000701  |q 005600000701  |t BK  |v τ.2:  |y 0  |z τ.2 
853 |a INST  |b LEMNOS  |h 616 CEC 
901 |a BIBL6-2013-1 
909 |a Μ  |b 177768 
909 |a Μ  |b 177769 
922 |a 6ΕΛΗ  |b 201210  |c ΠΑΡΑΡΤΗΜΑ ΒΙΒΛΙΟΘΗΚΗΣ ΛΗΜΝΟΥ  |d ΙΩΑΝΝΙΔΟΥ 
970 |a ΤΣΟΥΚΑΛΑ  |b ΑΛΙΚΗ  |z 2013/01/